• 首页
  • 本馆介绍
  • 公告通知
  • 最新文献
  • 馆藏检索
  • 电子资源
  • 读者导购
  • 参考咨询
  • 我的图书馆
  • 登录
  • 详细信息显示
  • 放入我的书架
  • 预约/预借图书
  • 作者相关作品
  • 分类相关作品
  • 丛书相关作品
  • 出版社相关作品

书目信息

  • 表格格式
  • 工作单格式
  • 卡片格式
题名:
手风琴世界名曲集
    
 
作者: 张国平 选编
分册:  
出版信息: 北京   中国广播电视出版社  1989.12
页数: 92页
开本: 37cm
丛书名:
单 册:
中图分类: J657.43
科图分类:
主题词: 手风琴-器乐曲--世界 , 器乐曲-手风琴--世界
电子资源:
ISBN: 7-5043-0262-7
000 00638nam0 2200217 45
001 0190012548
005 20060405081957.17
010    @a7-5043-0262-7@dCNY15.00
100    @a19921222d1989 em y0chiy0121 ea
101 0  @achi
102    @aCN@b110000
105    @ag z 000yy
200 10 @a手风琴世界名曲集@ASHOU FENG QIN SHI JIE MING QU JI@f张国平选编@FZHANG GUO PING XUAN BIAN
210    @a北京@c中国广播电视出版社@d1989.12
215    @a92页@d37cm
606    @a手风琴-器乐曲@y世界
606    @a器乐曲-手风琴@y世界
690    @aJ657.43@v4
701  0 @a张国平@AZHANG GUO PING@4选编
801  0 @aCN@bNLC@c20060405
905    @dJ657.43@e188
    
    手风琴世界名曲集/张国平选编.-北京:中国广播电视出版社,1989.12
    92页;37cm
    
    
    ISBN 7-5043-0262-7:CNY15.00
    
●
相关链接 在E读中查询图书 在五车中查询图书 在当当中查询图书 在豆瓣中查询图书


正题名:手风琴世界名曲集     索取号:J657.43/188         预约/预借

序号 登录号 条形码 馆藏地/架位号 状态 备注
1 0241783   001704114   第一借阅区/ [索取号:J657.43/188] 在馆    
2 0241784   001704150   第一借阅区/ [索取号:J657.43/188] 在馆    
3 0241785   001652189   第一借阅区/ [索取号:J657.43/188] 在馆    
4 0241786   202232930   密集书库/ [索取号:J657.43/188] 在馆    
5 0241787   001704196   第一样本阅览室/ [索取号:J657.43/188] 在馆    
唐山师范学院图书馆 欢迎您!
大连网信软件有限公司© 版权所有